Koncepcia environmentálnej výchovy a vzdelávania

Salvato in:
Dettagli Bibliografici
Ente Autore: Ministerstvo životného prostredia SR
Natura: Libro
Lingua:slovacco
Pubblicazione: Bratislava EKOPRESS [1997]
Serie:Dokumenty
Soggetti:
Tags: Aggiungi Tag
Nessun Tag, puoi essere il primo ad aggiungerne!!

MARC

LEADER 00000nam a2200000 4500
001 c100539
005 20221109111534.6
022 |a 1335-1567 
022 |a 1335-1564 
041 0 |a slo 
044 |a SK 
245 1 0 |a Koncepcia environmentálnej výchovy a vzdelávania 
264 1 |a Bratislava  |b EKOPRESS  |c [1997] 
300 |a 40 s. 
490 1 |a Dokumenty 
830 0 |a Dokumenty 
610 2 0 |a prostredie životné 
610 2 0 |a vzdelávanie 
610 2 0 |a výchova 
610 2 0 |a ochrana prostredia životného 
610 2 0 |a koncepcie 
610 2 0 |a politika environmentálna 
610 2 0 |a spolupráca medzinárodná 
610 2 0 |a konferencie 
610 2 0 |a dohody medzinárodné 
610 2 0 |a ochrana prírody 
610 2 0 |a rozvoj hospodársky 
610 2 0 |a rozvoj sociálny 
610 2 0 |a rozvoj vedeckotechnický 
610 2 0 |a Európa 
610 2 0 |a Slovensko 
610 2 0 |a AGENDA 21 
710 2 |a Ministerstvo životného prostredia SR